Guess the Fusion Rock Song Lyrics #93 - Statistics

General Stats
  • This quiz has been taken 14 times
  • The average score is 315 of 384
Answer Stats
Answer % Correct
And
100%
and
100%
do
100%
get
100%
go
100%
I
100%
in
100%
my
100%
the
100%
we
100%
you
100%
You
100%
your
100%
All
86%
all
86%
as
86%
away
86%
be
86%
before
86%
Better
86%
But
86%
but
86%
can
86%
could
86%
day
86%
for
86%
from
86%
From
86%
gonna
86%
Gonna
86%
granted
86%
had
86%
here
86%
if
86%
I'll
86%
I'm
86%
is
86%
it
86%
it's
86%
I've
86%
let
86%
Let's
86%
love
86%
me
86%
more
86%
now
86%
of
86%
Oh
86%
on
86%
right
86%
see
86%
So
86%
so
86%
some
86%
Some
86%
than
86%
that
86%
then
86%
there's
86%
things
86%
This
86%
this
86%
time
86%
To
86%
to
86%
too
86%
took
86%
up
86%
was
86%
we're
86%
were
86%
when
86%
you'll
86%
arms
71%
back
71%
body
71%
close
71%
come
71%
feeling
71%
forever
71%
gave
71%
hold
71%
Hold
71%
hurt
71%
just
71%
left
71%
light
71%
livin
71%
long
71%
Looking
71%
make
71%
mine
71%
never
71%
Never
71%
seems
71%
sure
71%
times
71%
together
71%
try
71%
wanna
71%
wrong
71%
even
57%
givin
57%
loved
57%
out
57%
say
57%
swear
57%
tell
57%
Wait
57%
want
57%
about
43%
dedicate
43%
myself
43%
regret
43%
Sergio Mendes
43%
still
43%
talk
43%
word
43%
chances
29%
intend
29%
second
29%
shines
29%
Sweeter
29%
through
29%
clear
14%
flicker
14%
forgiven
14%
open
14%
move
0%
No matching quizzes found
Score Distribution
Percent of People with Each Score
Percentile by Number Answered
Your Score History
You have not taken this quiz